[Event "GER-ch Blitz"]
[Site "Viernheim"]
[Date "2023.07.15"]
[Round "11"]
[White "Donchenko, Alexander"]
[Black "Lantzsch, Christian"]
[Result "0-1"]
[WhiteElo "2668"]
[BlackElo "2162"]
[PlyCount "130"]
[EventDate "2023.07.15"]
[EventType "tourn (blitz)"]
[EventRounds "29"]
[EventCountry "GER"]
[SourceTitle "CBM 215 Extra"]
[Source "ChessBase"]
[SourceDate "2023.09.30"]
[SourceVersion "1"]
[SourceVersionDate "2023.09.30"]
[SourceQuality "1"]

1. c4 c6 2. Nf3 d5 3. g3 Nf6 4. Bg2 e6 5. b3 Nbd7 6. Bb2 Be7 7. 0-0 0-0 8. d4 b6 9. Nc3 Bb7 10. a4 c5 11. Ne5 cxd4 12. Nxd7 dxc3 13. Nxf6+ Bxf6 14. Ba3 Re8 15. Rc1 Qd7 16. Bb4 d4 17. Qd3 Bxg2 18. Kxg2 e5 19. f3 Qc7 20. e3 Rad8 21. Rfe1 Bg5 22. f4 Qc6+ 23. Kg1 e4 24. Qf1 Bf6 25. exd4 Bxd4+ 26. Kh1 e3+ 27. Qg2 Qf6 28. Qc2 Qc6+ 29. Qg2 Qf6 30. Qc2 Qc6+ 31. Qg2 Qf6 32. a5 h5 33. Rc2 h4 34. Rec1 e2 35. Re1 hxg3 36. Rexe2 Rxe2 37. Rxe2 Bc5 38. Bxc5 bxc5 39. Qxg3 Rd1+ 40. Kg2 Qc6+ 41. Kf2 Qd7 42. Qxc3 Rd3 43. Qe5 Qh3 44. Qe8+ Kh7 45. Qe4+ g6 46. Qg2 Qh4+ 47. Qg3 Rxg3 48. hxg3 Qh2+ 49. Kf3 Qh1+ 50. Kf2 Qb1 51. Re3 Qc2+ 52. Kf3 Qa2 53. Kg4 Qxa5 54. Re7 Kg7 55. Rb7 Qa6 56. Rb5 Qe6+ 57. Kf3 Qd6 58. Kg2 Kf6 59. Kh2 Kf5 60. Rb7 Kg4 61. Rxf7 Qd2+ 62. Kg1 Qe1+ 63. Kg2 Qxg3+ 64. Kf1 Kf3 65. Re7 Qf2# 0-1

[Event "GER-ch Blitz"]
[Site "Viernheim"]
[Date "2023.07.15"]
[Round "5"]
[White "Langrock, Hannes"]
[Black "Lantzsch, Christian"]
[Result "0-1"]
[WhiteElo "2359"]
[BlackElo "2162"]
[PlyCount "78"]
[EventDate "2023.07.15"]
[EventType "tourn (blitz)"]
[EventRounds "29"]
[EventCountry "GER"]
[SourceTitle "CBM 215 Extra"]
[Source "ChessBase"]
[SourceDate "2023.09.30"]
[SourceVersion "1"]
[SourceVersionDate "2023.09.30"]
[SourceQuality "1"]

1. d4 d5 2. Nf3 Nf6 3. g3 c6 4. c4 dxc4 5. Bg2 e6 6. 0-0 Be7 7. Ne5 Nbd7 8. Nxc4 Nb6 9. Ne5 Nfd7 10. Nf3 0-0 11. Nc3 a5 12. Qc2 a4 13. Rd1 a3 14. bxa3 Bxa3 15. Bxa3 Rxa3 16. Ne4 Qe7 17. Rab1 Ra6 18. Ne5 Nxe5 19. dxe5 Nd5 20. Nd6 b5 21. Rd2 Bb7 22. Be4 h6 23. Bxd5 exd5 24. f4 Bc8 25. Qc3 Bh3 26. Qd4 f6 27. Rc2 fxe5 28. Qxe5 Qd7 29. f5 Bxf5 30. e4 Bg6 31. Rd2 Qa7+ 32. Kg2 Rxa2 33. Rbb2 Rxb2 34. Qxb2 dxe4 35. Re2 Qd7 36. Qb4 Kh7 37. Qc5 Rf6 38. Rd2 Qe6 39. Qe3 b4 0-1

[Event "GER-ch Blitz"]
[Site "Viernheim"]
[Date "2023.07.15"]
[Round "22"]
[White "Lantzsch, Christian"]
[Black "Abel, Dennes"]
[Result "0-1"]
[WhiteElo "2162"]
[BlackElo "2404"]
[PlyCount "140"]
[EventDate "2023.07.15"]
[EventType "tourn (blitz)"]
[EventRounds "29"]
[EventCountry "GER"]
[SourceTitle "CBM 215 Extra"]
[Source "ChessBase"]
[SourceDate "2023.09.30"]
[SourceVersion "1"]
[SourceVersionDate "2023.09.30"]
[SourceQuality "1"]

1. d4 d5 2. Nf3 Nf6 3. e3 Bf5 4. c4 c6 5. Nc3 e6 6. b3 Bb4 7. Bd2 0-0 8. a3 Bd6 9. Be2 h6 10. b4 Nbd7 11. 0-0 Re8 12. Qb3 Rc8 13. a4 Ne4 14. Nxe4 Bxe4 15. Ne1 Nf6 16. c5 Bb8 17. f4 Nh7 18. Bd3 Bxd3 19. Nxd3 f6 20. Be1 e5 21. Bg3 exd4 22. exd4 Re4 23. Qc3 Qd7 24. Rae1 Rce8 25. Nf2 R4e7 26. Rxe7 Rxe7 27. Re1 Nf8 28. Rxe7 Qxe7 29. Kf1 Nd7 30. f5 Bxg3 31. Qxg3 Nf8 32. Qf4 Kh7 33. g4 Qd7 34. h4 Kg8 35. Qb8 h5 36. Qf4 hxg4 37. Nxg4 Qe8 38. Kf2 Qh5 39. Ne3 Qe8 40. Qg3 Qe4 41. Qg4 Qd3 42. h5 Qd2+ 43. Kf3 Qxb4 44. h6 g5 45. fxg6 Qb1 46. g7 Qh1+ 47. Qg2 Qh5+ 48. Qg4 Qh1+ 49. Qg2 Qh5+ 50. Kf2 Ng6 51. Ng4 Qg5 52. Qf3 f5 53. Ne5 Nxe5 54. dxe5 Qh4+ 55. Ke2 Qc4+ 56. Qd3 Qg4+ 57. Kd2 Qf4+ 58. Qe3 Qb4+ 59. Ke2 Qg4+ 60. Kd2 Qb4+ 61. Kc1 Qc4+ 62. Kb1 Qb4+ 63. Kc1 Qc4+ 64. Kd1 Qxa4+ 65. Ke1 Qb4+ 66. Kf2 Qh4+ 67. Ke2 f4 68. Qf3 Qxh6 69. Kd3 Qg6+ 70. Kc3 Qe4 0-1

[Event "GER-ch Blitz"]
[Site "Viernheim"]
[Date "2023.07.15"]
[Round "6"]
[White "Lantzsch, Christian"]
[Black "Cofman, Veaceslav"]
[Result "0-1"]
[WhiteElo "2162"]
[BlackElo "2244"]
[PlyCount "92"]
[EventDate "2023.07.15"]
[EventType "tourn (blitz)"]
[EventRounds "29"]
[EventCountry "GER"]
[SourceTitle "CBM 215 Extra"]
[Source "ChessBase"]
[SourceDate "2023.09.30"]
[SourceVersion "1"]
[SourceVersionDate "2023.09.30"]
[SourceQuality "1"]

1. d4 Nf6 2. Bg5 c5 3. Nc3 cxd4 4. Qxd4 Nc6 5. Qh4 d6 6. 0-0-0 g6 7. Bxf6 exf6 8. Nd5 Bg7 9. Qe4+ Be6 10. Nf4 Qe7 11. e3 0-0 12. Nf3 f5 13. Qd3 Rfd8 14. Nd5 Bxd5 15. Qxd5 Rac8 16. Kb1 Nb4 17. Qb3 Rxc2 18. Nd4 Bxd4 19. Rxd4 Rdc8 20. Bb5 a6 21. Rxb4 axb5 22. Rf1 Qe5 23. a3 Qxh2 24. Rxb5 Qxg2 25. Rd1 Qe4 26. Ka2 Rc1 27. Qd3 Rxd1 28. Qxd1 Qc4+ 29. Rb3 Rc6 30. Ka1 Qc1+ 31. Qxc1 Rxc1+ 32. Ka2 Rc7 33. Rd3 Rd7 34. Kb3 h5 35. Kc4 h4 36. Kd5 g5 37. e4 f4 38. Rh3 Kg7 39. b4 Kg6 40. a4 Kh5 41. f3 g4 42. fxg4+ Kxg4 43. Rh1 h3 44. Rg1+ Kf3 45. e5 dxe5+ 46. Kxe5 h2 0-1

[Event "GER-ch Blitz"]
[Site "Viernheim"]
[Date "2023.07.15"]
[Round "16"]
[White "Lantzsch, Christian"]
[Black "Dobrikov, Marco"]
[Result "0-1"]
[WhiteElo "2162"]
[BlackElo "2269"]
[PlyCount "32"]
[EventDate "2023.07.15"]
[EventType "tourn (blitz)"]
[EventRounds "29"]
[EventCountry "GER"]
[SourceTitle "CBM 215 Extra"]
[Source "ChessBase"]
[SourceDate "2023.09.30"]
[SourceVersion "1"]
[SourceVersionDate "2023.09.30"]
[SourceQuality "1"]

1. d4 e6 2. Nf3 Nf6 3. e3 c5 4. Bd3 b6 5. 0-0 Bb7 6. c4 cxd4 7. exd4 d5 8. Nc3 Be7 9. cxd5 Nxd5 10. Ne5 0-0 11. Qh5 g6 12. Qh3 Nd7 13. Bh6 Re8 14. Rfd1 Nxc3 15. bxc3 Nxe5 16. dxe5 Qc7 0-1

[Event "GER-ch Blitz"]
[Site "Viernheim"]
[Date "2023.07.15"]
[Round "8"]
[White "Lantzsch, Christian"]
[Black "Heinrich, Thomas"]
[Result "0-1"]
[WhiteElo "2162"]
[BlackElo "2203"]
[PlyCount "72"]
[EventDate "2023.07.15"]
[EventType "tourn (blitz)"]
[EventRounds "29"]
[EventCountry "GER"]
[SourceTitle "CBM 215 Extra"]
[Source "ChessBase"]
[SourceDate "2023.09.30"]
[SourceVersion "1"]
[SourceVersionDate "2023.09.30"]
[SourceQuality "1"]

1. d4 Nf6 2. Bg5 d5 3. Bxf6 exf6 4. e3 Be7 5. c4 c6 6. Nc3 dxc4 7. Bxc4 0-0 8. Nf3 Bg4 9. h3 Bh5 10. g4 Bg6 11. h4 h6 12. h5 Bh7 13. Bd3 Bxd3 14. Qxd3 Nd7 15. 0-0-0 a5 16. Nh4 a4 17. Nf5 Re8 18. Kb1 Bf8 19. f4 b5 20. Ne2 Nb6 21. e4 Nc4 22. Ne3 Nxe3 23. Qxe3 b4 24. Rc1 Qd7 25. g5 hxg5 26. fxg5 f5 27. e5 c5 28. h6 g6 29. h7+ Kh8 30. Rhd1 cxd4 31. Rxd4 Qe6 32. Rxb4 Bxb4 33. Qh3 Qxe5 34. Ng1 a3 35. Qb3 Qxb2+ 36. Qxb2+ axb2 0-1

[Event "GER-ch Blitz"]
[Site "Viernheim"]
[Date "2023.07.15"]
[Round "26"]
[White "Lantzsch, Christian"]
[Black "Lenz, Jonas"]
[Result "0-1"]
[WhiteElo "2162"]
[BlackElo "2138"]
[PlyCount "29"]
[EventDate "2023.07.15"]
[EventType "tourn (blitz)"]
[EventRounds "29"]
[EventCountry "GER"]
[SourceTitle "CBM 215 Extra"]
[Source "ChessBase"]
[SourceDate "2023.09.30"]
[SourceVersion "1"]
[SourceVersionDate "2023.09.30"]
[SourceQuality "1"]

1. d4 Nf6 2. Bg5 Ne4 3. Bh4 d5 4. f3 g5 5. fxe4 gxh4 6. exd5 Qxd5 7. Nc3 Qg5 8. Nf3 Qh6 9. e4 h3 10. g3 Bg4 11. Be2 Nc6 12. d5 Bxf3 13. Bxf3 Ne5 14. Be2 Qe3 15. Rf1 0-1

[Event "GER-ch Blitz"]
[Site "Viernheim"]
[Date "2023.07.15"]
[Round "1"]
[White "Lantzsch, Christian"]
[Black "Reichmann, Hendrik"]
[Result "1/2-1/2"]
[WhiteElo "2162"]
[BlackElo "2316"]
[PlyCount "170"]
[EventDate "2023.07.15"]
[EventType "tourn (blitz)"]
[EventRounds "29"]
[EventCountry "GER"]
[SourceTitle "CBM 215 Extra"]
[Source "ChessBase"]
[SourceDate "2023.09.30"]
[SourceVersion "1"]
[SourceVersionDate "2023.09.30"]
[SourceQuality "1"]

1. d4 Nf6 2. Bg5 c5 3. d5 Ne4 4. Bc1 e6 5. dxe6 fxe6 6. c4 Qf6 7. Nf3 Nc6 8. Nbd2 Nd6 9. e3 g5 10. h3 h5 11. Rb1 g4 12. hxg4 hxg4 13. Rxh8 Qxh8 14. Ng1 Qh2 15. Ne2 Nf5 16. e4 Nh6 17. Nb3 Nf7 18. Bf4 Qh7 19. Ng3 Nfe5 20. a3 Be7 21. Be2 b6 22. Bxg4 Qh4 23. Bh5+ Kd8 24. Be3 Nxc4 25. Nf1 Nxe3 26. Nxe3 Bg5 27. Nf1 Qxe4+ 28. Be2 Ba6 29. Nbd2 Qe5 30. Nf3 Qxe2+ 31. Qxe2 Bxe2 32. Kxe2 Bf6 33. g4 Ke7 34. g5 Bg7 35. Ng3 d5 36. Nh5 Bh8 37. g6 Rg8 38. Rg1 Bg7 39. b3 Na5 40. b4 cxb4 41. axb4 Nc4 42. Nh4 Bf6 43. Nf3 b5 44. Nxf6 Kxf6 45. Ra1 Kxg6 46. Rxa7 Rb8 47. Nd4 Kf6 48. Nc6 Rc8 49. Nd4 Ne5 50. Rb7 Rc4 51. Nxb5 Rxb4 52. Nd6 Rxb7 53. Nxb7 Nc6 54. Nc5 Ke5 55. Nd7+ Kd6 56. Nf6 Nd4+ 57. Kd3 Nf5 58. Ne8+ Ke5 59. Nc7 Nd6 60. Ke3 Nc4+ 61. Kd3 Nd6 62. Ke3 Nf5+ 63. Kd3 Ng7 64. Ke3 Kf5 65. Nb5 e5 66. Nd6+ Ke6 67. Nb5 Nf5+ 68. Kd3 e4+ 69. Ke2 Ke5 70. Nc7 Nd4+ 71. Kd2 Ne6 72. Nb5 Kf4 73. Nc3 Ke5 74. Ne2 d4 75. Ng3 Ng5 76. Ke2 Ne6 77. Nf1 Nf4+ 78. Kd2 Nh5 79. Ke2 Kf5 80. Nd2 Kf4 81. Nb3 d3+ 82. Kd2 Kf3 83. Nc5 Nf6 84. Nxd3 exd3 85. Kxd3 Kxf2 1/2-1/2

[Event "GER-ch Blitz"]
[Site "Viernheim"]
[Date "2023.07.15"]
[Round "29"]
[White "Schulze, Torben"]
[Black "Lantzsch, Christian"]
[Result "1-0"]
[WhiteElo "2325"]
[BlackElo "2162"]
[PlyCount "95"]
[EventDate "2023.07.15"]
[EventType "tourn (blitz)"]
[EventRounds "29"]
[EventCountry "GER"]
[SourceTitle "CBM 215 Extra"]
[Source "ChessBase"]
[SourceDate "2023.09.30"]
[SourceVersion "1"]
[SourceVersionDate "2023.09.30"]
[SourceQuality "1"]

1. e4 c6 2. d4 d5 3. e5 Qc7 4. c3 c5 5. Be2 Bf5 6. Nf3 h6 7. 0-0 e6 8. a4 Nd7 9. Na3 a6 10. Re1 Ne7 11. Bf4 Nc6 12. Rc1 c4 13. Nc2 Na5 14. Ne3 Bh7 15. Ra1 Be7 16. Bg3 0-0 17. Nd2 Rfc8 18. f4 b5 19. axb5 axb5 20. f5 b4 21. Bg4 Nf8 22. f6 Bd8 23. fxg7 Kxg7 24. Rf1 Nc6 25. Rxa8 Rxa8 26. Qf3 Bg6 27. h4 bxc3 28. bxc3 Ra2 29. Rf2 Nh7 30. Kh2 Ra1 31. Bh3 Bd3 32. Qg4+ Kh8 33. Bf4 Qe7 34. Bxh6 Bg6 35. h5 Qh4 36. Qxh4 Bxh4 37. g3 Be7 38. hxg6 fxg6 39. Ng4 Kg8 40. Nf6+ Nxf6 41. exf6 Bd6 42. f7+ Kh7 43. f8Q Bxf8 44. Bxf8 Ra2 45. Kg2 Kg8 46. Bh6 Ne7 47. Bxe6+ Kh7 48. Bg5 1-0

[Event "BL2-Sued 2223"]
[Site "Germany"]
[Date "2023.02.25"]
[Round "7.6"]
[White "Decuigniere, Tom"]
[Black "Lantzsch, Christian"]
[Result "1-0"]
[WhiteElo "2323"]
[BlackElo "2160"]
[PlyCount "139"]
[EventDate "2022.10.22"]
[EventType "team-tourn"]
[EventRounds "9"]
[EventCountry "GER"]
[SourceTitle "EXT 2024"]
[Source "ChessBase"]
[SourceDate "2023.10.10"]
[SourceVersion "1"]
[SourceVersionDate "2023.10.10"]
[SourceQuality "1"]
[WhiteTeam "Speyer Schwegenheim"]
[BlackTeam "Heidesheim"]
[WhiteTeamCountry "GER"]
[BlackTeamCountry "GER"]

1. d4 d5 2. c4 c6 3. Nc3 Nf6 4. Nf3 a6 5. g3 b5 6. cxd5 cxd5 7. Bg2 e6 8. 0-0 Bb7 9. Ne5 Nbd7 10. Bf4 Be7 11. Nd3 Qb6 12. Ne5 Nxe5 13. Bxe5 0-0 14. a4 Nd7 15. Bf4 Bc6 16. axb5 axb5 17. Rxa8 Rxa8 18. e4 Nf6 19. exd5 Nxd5 20. Nxd5 Bxd5 21. Bxd5 exd5 22. Re1 Bf8 23. Be3 Qa5 24. Kg2 Qb4 25. Re2 Ra2 26. Qb1 Qb3 27. Bf4 Ra8 28. Qf5 h6 29. Qc2 Qc4 30. Be3 Rc8 31. Qd2 b4 32. Bf4 b3 33. Re3 Rc6 34. Rc3 Qb5 35. Qd3 Qxd3 36. Rxd3 Rb6 37. Kf3 g5 38. Be3 Kg7 39. Rc3 Ba3 40. Bc1 Be7 41. Ke2 h5 42. h3 Kg6 43. Rc7 Bd6 44. Rc8 f6 45. Kd3 Kf5 46. Bd2 Ra6 47. Rd8 Rb6 48. Rd7 Ke6 49. Rh7 Bb4 50. Bxg5 Rc6 51. Be3 Be7 52. Rh8 Rc2 53. Rb8 Rxb2 54. Kc3 Rc2+ 55. Kxb3 Rc4 56. Rh8 Kf5 57. Rxh5+ Ke4 58. Rh7 Bd6 59. Rd7 Rc6 60. h4 Kd3 61. h5 Bxg3 62. Rxd5 Rb6+ 63. Ka4 Ke4 64. Rb5 Rd6 65. h6 Rd7 66. Rh5 Rh7 67. fxg3 Kxe3 68. d5 Kf3 69. d6 Kxg3 70. Rb5 1-0

[Event "BL2-Sued 2223"]
[Site "Germany"]
[Date "2023.02.04"]
[Round "5.7"]
[White "Gasthofer, Alexander"]
[Black "Lantzsch, Christian"]
[Result "1/2-1/2"]
[WhiteElo "2408"]
[BlackElo "2160"]
[PlyCount "52"]
[EventDate "2022.10.22"]
[EventType "team-tourn"]
[EventRounds "9"]
[EventCountry "GER"]
[SourceTitle "EXT 2024"]
[Source "ChessBase"]
[SourceDate "2023.10.10"]
[SourceVersion "1"]
[SourceVersionDate "2023.10.10"]
[SourceQuality "1"]
[WhiteTeam "Bad Mergentheim"]
[BlackTeam "Heidesheim"]
[WhiteTeamCountry "GER"]
[BlackTeamCountry "GER"]

1. d4 d5 2. Nf3 Nf6 3. c4 c6 4. e3 Bf5 5. Nc3 e6 6. Nh4 Bg6 7. g3 Be7 8. Qb3 Qb6 9. Nxg6 hxg6 10. Bd2 Nbd7 11. Be2 0-0 12. 0-0 dxc4 13. Bxc4 c5 14. dxc5 Qxb3 15. Bxb3 Nxc5 16. Bc2 Rfd8 17. Rad1 Nd3 18. Bc1 Nxc1 19. Rxc1 Rac8 20. Ne4 Kf8 21. Nxf6 Bxf6 22. Be4 b6 23. b3 Bb2 24. Rxc8 Rxc8 25. Rd1 Rc1 26. Rxc1 Bxc1 1/2-1/2

[Event "Oberliga Sued W 2122"]
[Site "Germany"]
[Date "2022.05.15"]
[Round "3.4"]
[White "Lantzsch, Christian"]
[Black "Friedrich, Elias"]
[Result "1-0"]
[WhiteElo "2207"]
[BlackElo "1768"]
[PlyCount "83"]
[EventDate "2021.10.24"]
[EventType "team-tourn"]
[EventRounds "9"]
[EventCountry "GER"]
[SourceTitle "EXT 2023"]
[Source "ChessBase"]
[SourceDate "2022.10.05"]
[SourceVersion "1"]
[SourceVersionDate "2022.10.05"]
[SourceQuality "1"]
[WhiteTeam "Heidesheim"]
[BlackTeam "St Ingbert"]
[WhiteTeamCountry "GER"]
[BlackTeamCountry "GER"]

1. d4 d5 2. Nf3 Nf6 3. e3 c6 4. c4 Bg4 5. Nc3 e6 6. Qb3 Qb6 7. Ne5 Qxb3 8. axb3 Bf5 9. f3 Bc2 10. Bd3 Bxb3 11. c5 a5 12. Nb1 Nfd7 13. Nxd7 Nxd7 14. Nd2 Bc4 15. Bxc4 dxc4 16. Nxc4 Be7 17. Rxa5 0-0 18. Ke2 e5 19. Bd2 exd4 20. exd4 Bf6 21. Kd3 Rad8 22. Bc3 Ne5+ 23. Nxe5 Bxe5 24. Kc4 Bf6 25. b4 b5+ 26. cxb6 Rb8 27. Ra6 Rfc8 28. Re1 Kf8 29. Bd2 g5 30. h4 h6 31. hxg5 hxg5 32. Re4 Bd8 33. Kc5 Be7+ 34. Rxe7 Kxe7 35. Bxg5+ Ke6 36. Ra7 Kf5 37. Be7 Ke6 38. Bg5 Kf5 39. Bh4 Rh8 40. g4+ Kg6 41. Bg3 Rbd8 42. b7 1-0

[Event "Oberliga Sued W 2122"]
[Site "Germany"]
[Date "2022.03.13"]
[Round "7.5"]
[White "Lantzsch, Christian"]
[Black "Erlekam, Simon"]
[Result "1-0"]
[WhiteElo "2207"]
[BlackElo "1879"]
[PlyCount "75"]
[EventDate "2021.10.24"]
[EventType "team-tourn"]
[EventRounds "9"]
[EventCountry "GER"]
[SourceTitle "EXT 2023"]
[Source "ChessBase"]
[SourceDate "2022.10.05"]
[SourceVersion "1"]
[SourceVersionDate "2022.10.05"]
[SourceQuality "1"]
[WhiteTeam "Heidesheim"]
[BlackTeam "Gau Algesheim"]
[WhiteTeamCountry "GER"]
[BlackTeamCountry "GER"]

1. d4 Nf6 2. Nf3 g6 3. Nc3 Bg7 4. e4 d6 5. Be3 Nbd7 6. Qd2 0-0 7. 0-0-0 Ng4 8. Bg5 c5 9. h3 cxd4 10. Nxd4 Ngf6 11. Bh6 Nc5 12. Bxg7 Kxg7 13. Qe3 Qa5 14. f4 Be6 15. Nxe6+ Nxe6 16. e5 dxe5 17. fxe5 Ng8 18. Bc4 Qc5 19. Qe4 Ng5 20. Qe2 Rac8 21. Bb3 h6 22. h4 Nh7 23. g4 e6 24. Rd7 Qc6 25. Rhd1 Rc7 26. R7d6 Qc5 27. Nb5 Re7 28. Nd4 Rc8 29. c3 Nf8 30. h5 g5 31. Nf3 a6 32. Bc2 Qc4 33. Qe3 Qxg4 34. Rg1 Qxh5 35. Nxg5 Kh8 36. Rdd1 Rc4 37. Nf3 Rg4 38. Rh1 1-0

[Event "GER Cup Net Final-A U2400"]
[Site "Playchess.com INT"]
[Date "2020.06.06"]
[Round "1"]
[White "Alvir, Aco"]
[Black "Lantzsch, Christian"]
[Result "1-0"]
[WhiteElo "2234"]
[BlackElo "2055"]
[PlyCount "147"]
[EventDate "2020.06.06"]
[EventType "swiss (blitz)"]
[EventRounds "13"]
[EventCountry "GER"]
[SourceTitle "CBM 197 Extra"]
[Source "ChessBase"]
[SourceDate "2020.09.30"]
[SourceVersion "1"]
[SourceVersionDate "2020.09.30"]
[SourceQuality "1"]

1. e4 c5 2. Nf3 e6 3. d4 cxd4 4. Nxd4 Nf6 5. Nc3 Nc6 6. Ndb5 Bc5 7. Be3 Bxe3 8. fxe3 0-0 9. Qd2 a6 10. Nd6 Ne8 11. 0-0-0 Qc7 12. h4 Nxd6 13. Qxd6 Qxd6 14. Rxd6 Ne5 15. a4 f6 16. a5 Kf7 17. Be2 Ke7 18. Rhd1 Nf7 19. Rb6 d6 20. Rb3 Rd8 21. Na4 Ne5 22. Nb6 Rb8 23. Ra3 Bd7 24. g4 Bc6 25. Rd4 Nd7 26. Nc4 Nc5 27. Bf3 e5 28. Rd5 Bxd5 29. exd5 e4 30. Be2 g6 31. Nd2 f5 32. g5 Nd7 33. Nb3 Rdc8 34. Nd4 Rc5 35. c4 Ne5 36. Kd2 Nxc4+ 37. Bxc4 Rxc4 38. Rb3 Rc5 39. Nc6+ bxc6 40. Rxb8 Rxd5+ 41. Kc3 Rxa5 42. Rb7+ Ke6 43. Rxh7 Rc5+ 44. Kd2 Rb5 45. Kc2 f4 46. exf4 Kf5 47. Rf7+ Kg4 48. f5 Rxf5 49. Rg7 Kxh4 50. Rxg6 Rd5 51. Re6 Kxg5 52. Rxe4 Kf5 53. Ra4 a5 54. Rh4 Ke5 55. Ra4 Rc5+ 56. Kd2 Kd5 57. Rg4 Rb5 58. Kc2 Kc5 59. Rg6 d5 60. Rg8 Kc4 61. Rg3 d4 62. b3+ Kb4 63. Rg6 c5 64. Ra6 Rb8 65. Ra7 Rb6 66. Ra8 Kb5 67. Rc8 Rc6 68. Rb8+ Rb6 69. Rc8 Kb4 70. Ra8 Rd6 71. Rb8+ Ka3 72. Rb5 d3+ 73. Kc3 d2 74. Rxa5# 1-0

[Event "GER Cup Net Final-A U2400"]
[Site "Playchess.com INT"]
[Date "2020.06.06"]
[Round "11"]
[White "Lantzsch, Christian"]
[Black "Loehr, Markus"]
[Result "0-1"]
[WhiteElo "2055"]
[BlackElo "2078"]
[PlyCount "70"]
[EventDate "2020.06.06"]
[EventType "swiss (blitz)"]
[EventRounds "13"]
[EventCountry "GER"]
[SourceTitle "CBM 197 Extra"]
[Source "ChessBase"]
[SourceDate "2020.09.30"]
[SourceVersion "1"]
[SourceVersionDate "2020.09.30"]
[SourceQuality "1"]

1. e4 c6 2. d3 d5 3. Nd2 e5 4. Ngf3 Bd6 5. Be2 Nf6 6. 0-0 0-0 7. c3 Nbd7 8. Qc2 a5 9. b3 dxe4 10. dxe4 Nc5 11. Re1 Re8 12. h3 Qc7 13. Bf1 h6 14. Bb2 Be6 15. Rad1 Rad8 16. b4 axb4 17. cxb4 Ncd7 18. a3 b5 19. Rc1 Rc8 20. Nb3 Nb6 21. Nc5 Bxc5 22. bxc5 Nc4 23. Bxc4 Bxc4 24. a4 Ra8 25. axb5 Bxb5 26. Qc3 Nd7 27. Ra1 f6 28. Nh4 Nf8 29. Nf5 Ne6 30. Rad1 Kh7 31. Nd6 Red8 32. Qf3 Nxc5 33. Qf5+ Kh8 34. Bxe5 fxe5 35. Qxe5 Nd3 0-1

[Event "GER Cup Net V4 U2400"]
[Site "Playchess.com INT"]
[Date "2020.05.31"]
[Round "1"]
[White "Lambertz, Michael"]
[Black "Lantzsch, Christian"]
[Result "1/2-1/2"]
[WhiteElo "1788"]
[BlackElo "2035"]
[PlyCount "132"]
[EventDate "2020.05.31"]
[EventType "swiss (blitz)"]
[EventRounds "9"]
[EventCountry "GER"]
[SourceTitle "EXT 2021"]
[Source "ChessBase"]
[SourceDate "2020.10.23"]
[SourceVersion "1"]
[SourceVersionDate "2020.10.23"]
[SourceQuality "1"]

1. e4 c5 2. c3 Qa5 3. Nf3 Nc6 4. Bc4 e6 5. 0-0 Nf6 6. Re1 d6 7. d4 b5 8. Bf1 Be7 9. Bg5 h6 10. Bh4 g5 11. Bg3 Nh5 12. Nbd2 Nxg3 13. hxg3 g4 14. Nh4 cxd4 15. Nb3 Qb6 16. cxd4 h5 17. d5 Ne5 18. Rc1 Bd7 19. Qd2 Bxh4 20. gxh4 g3 21. Qd4 gxf2+ 22. Qxf2 Ng4 23. Qxb6 axb6 24. a3 e5 25. Be2 Nf6 26. Bf3 Ke7 27. Rc2 Rhc8 28. Rec1 Rxc2 29. Rxc2 Ra4 30. Nd2 Kd8 31. Kf2 b4 32. axb4 Rxb4 33. b3 Bb5 34. Ke3 Nd7 35. Ra2 Nc5 36. Ra8+ Ke7 37. Ra7+ Kf8 38. Ra8+ Kg7 39. Rb8 Nxb3 40. Nxb3 Rxb3+ 41. Kf2 Bd3 42. Rd8 b5 43. Rxd6 Rb2+ 44. Ke3 Bf1 45. Rb6 Bxg2 46. Bxh5 Rb4 47. Rb7 Rxe4+ 48. Kf2 Bh3 49. Bxf7 Rf4+ 50. Kg3 Bc8 51. Rc7 Rxf7 52. Rxc8 Rd7 53. Rc5 b4 54. Rb5 Kf6 55. Kg4 Rg7+ 56. Kh3 Rd7 57. Kg4 Rd6 58. h5 b3 59. Rxb3 Rxd5 60. Rb6+ Kg7 61. Kf5 e4+ 62. Kxe4 Rxh5 63. Rb7+ Kg6 64. Rb6+ Kg5 65. Rb5+ Kg4 66. Rxh5 Kxh5 1/2-1/2

[Event "GER Cup Net V3 U2400"]
[Site "Playchess.com INT"]
[Date "2020.05.27"]
[Round "2"]
[White "Gremmel, Jonas Simon"]
[Black "Lantzsch, Christian"]
[Result "0-1"]
[WhiteElo "1956"]
[BlackElo "2079"]
[PlyCount "100"]
[EventDate "2020.05.27"]
[EventType "swiss (blitz)"]
[EventRounds "9"]
[EventCountry "GER"]
[SourceTitle "EXT 2021"]
[Source "ChessBase"]
[SourceDate "2020.10.23"]
[SourceVersion "1"]
[SourceVersionDate "2020.10.23"]
[SourceQuality "1"]

1. d4 d6 2. Nf3 f5 3. b3 Nf6 4. Bb2 g6 5. c4 Bg7 6. d5 0-0 7. e3 c6 8. Nbd2 e5 9. dxe6 Bxe6 10. Be2 h6 11. 0-0 Bf7 12. Re1 a5 13. Nf1 a4 14. Bc3 Na6 15. b4 Nc7 16. a3 g5 17. Qc2 Bg6 18. Qb2 Qe7 19. Rad1 g4 20. Nd4 Ne4 21. c5 Nxc3 22. Qxc3 d5 23. Qc1 Ne6 24. Bd3 Nxd4 25. exd4 Qf7 26. Bc2 h5 27. Qf4 Kh7 28. Ng3 Bh6 29. Qd6 Rad8 30. Qe7 Rd7 31. Qxf7+ Rdxf7 32. Nf1 f4 33. Bxg6+ Kxg6 34. Re6+ Rf6 35. Rde1 Rxe6 36. Rxe6+ Rf6 37. Rxf6+ Kxf6 38. f3 Bg7 39. g3 Kf5 40. gxf4 Bxd4+ 41. Kg2 Bb2 42. fxg4+ hxg4 43. Ne3+ Kxf4 44. Nc2 d4 45. Kf2 d3 46. Ne1 Bd4+ 47. Kf1 Ke3 48. Ng2+ Kd2 49. Nf4 Kc2 50. Ne6 Bb2 0-1

[Event "GER Cup Net V3 U2400"]
[Site "Playchess.com INT"]
[Date "2020.05.27"]
[Round "5"]
[White "Hoefelsauer, Thomas"]
[Black "Lantzsch, Christian"]
[Result "0-1"]
[WhiteElo "2069"]
[BlackElo "2104"]
[PlyCount "82"]
[EventDate "2020.05.27"]
[EventType "swiss (blitz)"]
[EventRounds "9"]
[EventCountry "GER"]
[SourceTitle "EXT 2021"]
[Source "ChessBase"]
[SourceDate "2020.10.23"]
[SourceVersion "1"]
[SourceVersionDate "2020.10.23"]
[SourceQuality "1"]

1. d4 d6 2. Bf4 g6 3. e3 Bg7 4. Nf3 f5 5. Bc4 Nf6 6. 0-0 d5 7. Be2 0-0 8. c4 e6 9. Nc3 c6 10. h3 h6 11. Bh2 Nbd7 12. b4 Ne4 13. Rc1 Nxc3 14. Rxc3 a6 15. a4 Qe7 16. Rb3 dxc4 17. Bxc4 Nb6 18. Qc2 Nxa4 19. Ne5 Kh7 20. e4 Nb6 21. exf5 exf5 22. Re3 Nxc4 23. Qxc4 Qf6 24. Qe2 f4 25. Rf3 g5 26. h4 Qe7 27. Re1 Bxe5 28. dxe5 Be6 29. hxg5 hxg5 30. g3 Qxb4 31. gxf4 gxf4 32. Rd3 f3 33. Rxf3 Qg4+ 34. Rg3 Qxe2 35. Rxe2 Rg8 36. Re4 Rxg3+ 37. Bxg3 Bd5 38. Rh4+ Kg7 39. Bf4 Rh8 40. Rg4+ Kf7 41. Be3 Rh1# 0-1

[Event "GER Cup Net V3 U2400"]
[Site "Playchess.com INT"]
[Date "2020.05.27"]
[Round "4"]
[White "Lantzsch, Christian"]
[Black "Graf, Lucas"]
[Result "1-0"]
[WhiteElo "2089"]
[BlackElo "2017"]
[PlyCount "51"]
[EventDate "2020.05.27"]
[EventType "swiss (blitz)"]
[EventRounds "9"]
[EventCountry "GER"]
[SourceTitle "EXT 2021"]
[Source "ChessBase"]
[SourceDate "2020.10.23"]
[SourceVersion "1"]
[SourceVersionDate "2020.10.23"]
[SourceQuality "1"]

1. d4 Nf6 2. Bg5 c5 3. d5 Qb6 4. Nc3 g6 5. e4 d6 6. Qd2 Nbd7 7. 0-0-0 h6 8. Be3 a6 9. f4 Ng4 10. Nf3 Nxe3 11. Qxe3 Bg7 12. e5 dxe5 13. fxe5 0-0 14. h4 Qc7 15. d6 exd6 16. Nd5 Qa5 17. Ne7+ Kh7 18. h5 Qxa2 19. hxg6+ fxg6 20. Bd3 Qa1+ 21. Kd2 Qa5+ 22. c3 Rf5 23. Bxf5 gxf5 24. Ng5+ Kh8 25. Nf7+ Kh7 26. Rxh6+ 1-0